[Event "Wch Blitz (Women)"]
[Site "Samarkand"]
[Date "2023.12.30"]
[Round "12"]
[White "Lei, Tingjie"]
[Black "Priyanka, Nutakki"]
[Result "1-0"]
[WhiteElo "2550"]
[BlackElo "2267"]
[PlyCount "77"]
[EventDate "2023.12.29"]
[EventType "swiss (blitz)"]
[EventRounds "17"]
[EventCountry "UZB"]
[SourceTitle "CB01_2024"]
[SourceDate "2024.01.03"]
[SourceVersion "1"]
[SourceVersionDate "2024.01.03"]
[SourceQuality "1"]

1. e4 Nc6 2. Bc4 e6 3. Nc3 Nf6 4. Nf3 d5 5. exd5 exd5 6. Bb5 Bg4 7. 0-0 Be7 8. h3 Bd7 9. d4 0-0 10. Re1 h6 11. Bf4 a6 12. Bf1 Bf5 13. Ne5 Bd6 14. a3 Re8 15. Rc1 Re7 16. Nxc6 bxc6 17. Qd2 Ne4 18. Nxe4 Bxe4 19. f3 Bg6 20. c3 a5 21. Rxe7 Qxe7 22. Bxd6 Qxd6 23. b4 axb4 24. axb4 Qf6 25. Re1 Kh7 26. Qe2 Ra3 27. Qd2 Qh4 28. Rc1 Qe7 29. Kf2 Qf6 30. Re1 Qh4+ 31. g3 Qd8 32. h4 Qa8 33. Re2 Ra1 34. Bh3 Qa3 35. Bg4 Rc1 36. h5 Bb1 37. Qf4 Qxc3 38. Bf5+ Bxf5 39. Qxf5+ 1-0

[Event "Wch Blitz (Women)"]
[Site "Samarkand"]
[Date "2023.12.30"]
[Round "14"]
[White "Lei, Tingjie"]
[Black "Shuvalova, Polina"]
[Result "0-1"]
[WhiteElo "2550"]
[BlackElo "2475"]
[PlyCount "104"]
[EventDate "2023.12.29"]
[EventType "swiss (blitz)"]
[EventRounds "17"]
[EventCountry "UZB"]
[SourceTitle "CB01_2024"]
[SourceDate "2024.01.03"]
[SourceVersion "1"]
[SourceVersionDate "2024.01.03"]
[SourceQuality "1"]

1. e4 e5 2. Nf3 Nc6 3. Bc4 Nf6 4. d3 Be7 5. Nc3 d6 6. a4 0-0 7. 0-0 h6 8. h3 Be6 9. Nd5 Re8 10. Re1 Bf8 11. c3 a6 12. a5 Rb8 13. b4 Bxd5 14. exd5 Ne7 15. Qb3 Qd7 16. Bd2 g6 17. Re2 Bg7 18. Rae1 Kh7 19. Qa2 Rf8 20. Bb3 Rbe8 21. c4 c6 22. dxc6 Nxc6 23. Bc3 Nh5 24. b5 Nd8 25. d4 Nf4 26. Re3 exd4 27. Nxd4 Rxe3 28. Rxe3 Re8 29. Qd2 Rxe3 30. Qxe3 Nde6 31. Nxe6 Nxe6 32. Bd2 Nc5 33. Bc2 axb5 34. cxb5 Qxb5 35. Kh2 Qb2 36. Bd1 Qe5+ 37. Qxe5 Bxe5+ 38. f4 Bd4 39. Bf3 f5 40. Bb4 Ne4 41. g4 d5 42. gxf5 gxf5 43. Kg2 Be3 44. Bd1 Bxf4 45. Bb3 d4 46. Kf3 Bd6 47. Bxd6 Nxd6 48. Bd5 Kg6 49. Ke2 Kf6 50. Kd3 Ke5 51. Bxb7 Nxb7 52. a6 Nc5+ 0-1

[Event "Wch Blitz (Women)"]
[Site "Samarkand"]
[Date "2023.12.29"]
[Round "5"]
[White "Narva, Mai"]
[Black "Lei, Tingjie"]
[Result "1-0"]
[WhiteElo "2403"]
[BlackElo "2550"]
[PlyCount "117"]
[EventDate "2023.12.29"]
[EventType "swiss (blitz)"]
[EventRounds "17"]
[EventCountry "UZB"]
[SourceTitle "CB01_2024"]
[SourceDate "2024.01.03"]
[SourceVersion "1"]
[SourceVersionDate "2024.01.03"]
[SourceQuality "1"]

1. e4 c5 2. Nf3 a6 3. c4 Nc6 4. Nc3 e5 5. d3 d6 6. Be2 Rb8 7. Be3 Nge7 8. 0-0 b5 9. Rb1 g6 10. Nd5 Bg7 11. Bg5 h6 12. Bf6 0-0 13. Nd2 Bxf6 14. Nxf6+ Kg7 15. Nd5 f5 16. f4 fxe4 17. Nxe4 Nf5 18. Bg4 Be6 19. Bxf5 Bxf5 20. Ng3 Be6 21. fxe5 Nxe5 22. Nf4 Bf7 23. b3 Qd7 24. cxb5 axb5 25. d4 cxd4 26. Qxd4 Ra8 27. Rb2 Qa7 28. Rd1 Qxd4+ 29. Rxd4 Rfc8 30. h3 g5 31. Nf5+ Kf6 32. Nxd6 gxf4 33. Nxc8 Rxc8 34. Rxf4+ Kg6 35. Re2 Rc5 36. Rfe4 Nd3 37. Rg4+ Kf6 38. Rd4 Ne5 39. Rd6+ Kf5 40. Rxh6 b4 41. Rh4 Rb5 42. Rd4 Bg6 43. Rd6 Bf7 44. Rf2+ Ke4 45. Kh2 Rc5 46. Rb6 Ke3 47. Rff6 Bd5 48. Rf5 Ke4 49. Rbf6 Rc2 50. Rf2 Rc1 51. R6f4+ Ke3 52. Rf5 Nd3 53. Rf1 Rc5 54. h4 Ke2 55. h5 Ke3 56. h6 Be4 57. Rxc5 Nxc5 58. Re1+ Kf4 59. Rxe4+ 1-0

[Event "Titled Tuesday intern op 22nd Aug Early"]
[Site "Chess.com INT"]
[Date "2023.08.22"]
[Round "7"]
[White "Ezat, Mohamed Mahmoud"]
[Black "Lei, Tingjie"]
[Result "0-1"]
[WhiteElo "2383"]
[BlackElo "2550"]
[PlyCount "116"]
[EventDate "2023.08.22"]
[EventType "swiss (blitz)"]
[EventRounds "11"]
[EventCountry "USA"]
[SourceTitle "EXT 2024"]
[Source "ChessBase"]
[SourceDate "2023.10.10"]
[SourceVersion "1"]
[SourceVersionDate "2023.10.10"]
[SourceQuality "1"]

1. d4 Nf6 2. c4 e6 3. Nc3 Bb4 4. e3 0-0 5. a3 Bxc3+ 6. bxc3 c5 7. Bd3 Nc6 8. Ne2 b6 9. 0-0 Ba6 10. e4 Ne8 11. Ng3 cxd4 12. cxd4 Nxd4 13. f4 Rc8 14. f5 f6 15. Qa4 Bb7 16. Be3 Nc6 17. c5 Ne5 18. Ba6 Bxa6 19. Qxa6 Nc7 20. Qxa7 b5 21. Qa5 Ra8 22. Qc3 Ra4 23. Rfd1 Rc4 24. Qb3 Qe7 25. Kh1 Ra8 26. Rd2 Rca4 27. Rad1 Rxa3 28. Qb4 Rxe3 29. Qd4 Rea3 30. Qd6 Qxd6 31. cxd6 Na6 32. fxe6 dxe6 33. d7 Rd8 34. Rd6 Nc5 35. Ne2 Rxd7 36. Rxd7 Nexd7 37. Nd4 Rd3 38. Rxd3 Nxd3 39. Nxb5 Kf7 40. Nd4 Nf2+ 41. Kg1 Nxe4 42. h3 e5 43. Nb5 Ke6 44. Nc7+ Kd6 45. Ne8+ Ke7 46. Nxg7 Nd6 47. Nh5 f5 48. Kf2 Nf6 49. Ng3 Nfe4+ 50. Nxe4 Nxe4+ 51. Ke3 Nd6 52. g4 f4+ 53. Kf3 Kf6 54. h4 h6 55. Kf2 e4 56. Ke2 Nc4 57. Kf2 Ne5 58. Ke2 e3 0-1

[Event "Titled Tuesday intern op 22nd Aug Early"]
[Site "Chess.com INT"]
[Date "2023.08.22"]
[Round "5"]
[White "Lei, Tingjie"]
[Black "Esipenko, Andrey"]
[Result "0-1"]
[WhiteElo "2550"]
[BlackElo "2683"]
[PlyCount "56"]
[EventDate "2023.08.22"]
[EventType "swiss (blitz)"]
[EventRounds "11"]
[EventCountry "USA"]
[SourceTitle "EXT 2024"]
[Source "ChessBase"]
[SourceDate "2023.10.10"]
[SourceVersion "1"]
[SourceVersionDate "2023.10.10"]
[SourceQuality "1"]

1. d4 d5 2. c4 e6 3. Nf3 a6 4. Bg5 Be7 5. Bxe7 Qxe7 6. Nbd2 Nf6 7. g3 0-0 8. Bg2 Nc6 9. 0-0 Rd8 10. e3 e5 11. cxd5 Nxd5 12. Nxe5 Nxe5 13. dxe5 Qxe5 14. Nc4 Qg5 15. Qb3 Be6 16. Qxb7 Rab8 17. Qc6 Nb4 18. Qe4 Bd5 19. Qe5 Qg4 20. Bxd5 Rxd5 21. Qc3 Nd3 22. Rad1 Nf4 23. Qc2 Ne2+ 24. Kg2 Rh5 25. h4 Re8 26. Rd2 Rxh4 27. Rxe2 Qh3+ 28. Kf3 Rh6 0-1

[Event "World-ch (Women)"]
[Site "Shanghai/Chongqing"]
[Date "2023.07.16"]
[Round "8"]
[White "Ju, Wenjun"]
[Black "Lei, Tingjie"]
[Result "1-0"]
[WhiteElo "2564"]
[BlackElo "2554"]
[PlyCount "143"]
[EventDate "2023.07.05"]
[EventType "match"]
[EventRounds "12"]
[EventCountry "CHN"]
[SourceTitle "CBM 215 Extra"]
[Source "ChessBase"]
[SourceDate "2023.09.30"]
[SourceVersion "1"]
[SourceVersionDate "2023.09.30"]
[SourceQuality "1"]

1. Nf3 d5 2. e3 c5 3. b3 Nc6 4. Bb2 a6 5. g3 Qc7 6. d4 cxd4 7. exd4 Bg4 8. Bg2 e6 9. 0-0 Nf6 10. Nbd2 Bd6 11. c4 0-0 12. a3 a5 13. h3 Bh5 14. Qe2 Rfd8 15. Rac1 dxc4 16. bxc4 Be7 17. Qe3 Rac8 18. Rfe1 Bg6 19. Qb3 Qb8 20. c5 Nd5 21. Nc4 a4 22. Qxa4 b5 23. cxb6 Nxb6 24. Nxb6 Qxb6 25. Ba1 Qa5 26. Qxa5 Nxa5 27. Rxc8 Rxc8 28. d5 Nb3 29. dxe6 fxe6 30. Be5 Bxa3 31. Re3 Bc2 32. Nd4 Nxd4 33. Rxa3 Nc6 34. Bxc6 Rxc6 35. Ra8+ Kf7 36. Ra7+ Ke8 37. Rxg7 Kf8 38. g4 Rc5 39. Bf6 Be4 40. Kh2 Rb5 41. Re7 Rb6 42. h4 Rb3 43. Rxe6 Bf3 44. g5 Bg4 45. Re7 Bf5 46. Kg2 Bh3+ 47. Kg1 Bf5 48. h5 Rh3 49. h6 Rd3 50. Kh2 Rh3+ 51. Kg2 Rd3 52. f3 Rd7 53. Re5 Bc2 54. f4 Rd5 55. Re7 Bf5 56. Kf2 Rd2+ 57. Ke3 Rd6 58. Rc7 Rd3+ 59. Ke2 Rd5 60. Bc3 Ke8 61. Kf2 Kf8 62. Bb4+ Ke8 63. Re7+ Kd8 64. Rf7 Ke8 65. Rf8+ Kd7 66. Bc3 Bg6 67. Rg8 Rd6 68. Be5 Rd2+ 69. Kf3 Rd3+ 70. Kg4 Rd1 71. Rxg6 hxg6 72. h7 1-0

[Event "World-ch (Women)"]
[Site "Shanghai/Chongqing"]
[Date "2023.07.05"]
[Round "1"]
[White "Lei, Tingjie"]
[Black "Ju, Wenjun"]
[Result "1/2-1/2"]
[WhiteElo "2554"]
[BlackElo "2564"]
[PlyCount "100"]
[EventDate "2023.07.05"]
[EventType "match"]
[EventRounds "12"]
[EventCountry "CHN"]
[SourceTitle "CBM 215 Extra"]
[Source "ChessBase"]
[SourceDate "2023.09.30"]
[SourceVersion "1"]
[SourceVersionDate "2023.09.30"]
[SourceQuality "1"]

1. e4 e5 2. Nf3 Nc6 3. Bb5 Nf6 4. 0-0 Nxe4 5. Re1 Nd6 6. Nxe5 Be7 7. Bf1 Nxe5 8. Rxe5 0-0 9. d4 Bf6 10. Re1 Re8 11. Nc3 Rxe1 12. Qxe1 Bxd4 13. Bd3 Bxc3 14. Qxc3 Ne8 15. b3 d5 16. Bf4 Be6 17. Re1 Qd7 18. a4 Nd6 19. Re3 Ne4 20. Qxc7 Qxc7 21. Bxc7 Nc5 22. Bf1 Rc8 23. Be5 Nd7 24. Bd3 Nc5 25. Be2 Nd7 26. Bc3 a6 27. h4 Nf8 28. g4 f5 29. gxf5 Bxf5 30. Bf3 Be4 31. Bxe4 dxe4 32. Bb4 Re8 33. Bxf8 Kxf8 34. Kf1 Kf7 35. Ke2 Kf6 36. Rg3 b5 37. axb5 axb5 38. Rg5 Rc8 39. Kd2 Rd8+ 40. Ke3 Rc8 41. Rxb5 Rxc2 42. b4 Rc3+ 43. Kxe4 Rc4+ 44. Kf3 Rxh4 45. Rb6+ Kg5 46. Rb7 g6 47. b5 Rb4 48. Rxh7 Rxb5 49. Kg3 Rb3+ 50. f3 Kf6 1/2-1/2

[Event "Candidates (Women) Pool-A"]
[Site "Monaco"]
[Date "2022.11.02"]
[Round "2.2"]
[White "Lei, Tingjie"]
[Black "Muzychuk, Anna"]
[Result "1/2-1/2"]
[WhiteElo "2535"]
[BlackElo "2534"]
[PlyCount "55"]
[EventDate "2022.10.25"]
[EventType "k.o."]
[EventRounds "4"]
[EventCountry "MNC"]
[SourceTitle "EXT 2024"]
[Source "ChessBase"]
[SourceDate "2023.10.10"]
[SourceVersion "1"]
[SourceVersionDate "2023.10.10"]
[SourceQuality "1"]

1. d4 Nf6 2. c4 g6 3. Nc3 d5 4. cxd5 Nxd5 5. e4 Nxc3 6. bxc3 Bg7 7. Be3 c5 8. Nf3 Qa5 9. Qd2 Nc6 10. Rb1 a6 11. Rc1 cxd4 12. cxd4 Qxd2+ 13. Kxd2 e6 14. Bd3 0-0 15. h4 Rd8 16. Rc4 h6 17. Rb1 Bd7 18. Rb6 Be8 19. e5 Rd5 20. Rc2 Rad8 21. Be4 Rb5 22. Rxb5 axb5 23. Ke2 Bf8 24. Rd2 Na5 25. Rc2 Nc6 26. Rd2 Na5 27. Rc2 Nc6 28. Rd2 1/2-1/2

[Event "Charity Cup Prelim"]
[Site "chess24.com INT"]
[Date "2022.03.22"]
[Round "15"]
[White "Jones, Gawain C B"]
[Black "Lei, Tingjie"]
[Result "1-0"]
[WhiteElo "2672"]
[BlackElo "2535"]
[PlyCount "57"]
[EventDate "2022.03.19"]
[EventType "tourn (rapid)"]
[EventRounds "15"]
[EventCountry "GER"]
[EventCategory "18"]
[SourceTitle "CBM 207"]
[Source "ChessBase"]
[SourceDate "2022.04.30"]
[SourceVersion "1"]
[SourceVersionDate "2022.04.30"]
[SourceQuality "1"]

1. e4 e5 2. Nf3 Nc6 3. Bc4 Nf6 4. d4 exd4 5. e5 d5 6. Bb5 Ne4 7. Nxd4 Bc5 8. Be3 0-0 9. Nxc6 bxc6 10. Bxc5 Nxc5 11. Bxc6 Rb8 12. Qxd5 Qe7 13. 0-0 Rxb2 14. Nc3 Be6 15. Qd2 Rd8 16. Qc1 Rdb8 17. Re1 Qh4 18. Qe3 Qc4 19. Rac1 R2b6 20. Bf3 Na4 21. Ne4 Qxa2 22. Red1 Nb2 23. Re1 Nc4 24. Qd4 Na3 25. Red1 Rf8 26. Qc5 Nc4 27. Nf6+ gxf6 28. exf6 h6 29. Qxf8+ 1-0

[Event "Charity Cup Prelim"]
[Site "chess24.com INT"]
[Date "2022.03.22"]
[Round "13"]
[White "Van Foreest, Jorden"]
[Black "Lei, Tingjie"]
[Result "1-0"]
[WhiteElo "2714"]
[BlackElo "2535"]
[PlyCount "149"]
[EventDate "2022.03.19"]
[EventType "tourn (rapid)"]
[EventRounds "15"]
[EventCountry "GER"]
[EventCategory "18"]
[SourceTitle "CBM 207"]
[Source "ChessBase"]
[SourceDate "2022.04.30"]
[SourceVersion "1"]
[SourceVersionDate "2022.04.30"]
[SourceQuality "1"]

1. e4 e5 2. Nf3 Nc6 3. Bb5 a6 4. Ba4 Nf6 5. 0-0 Bc5 6. d4 Nxd4 7. Nxe5 0-0 8. Nd3 Ba7 9. e5 Nd5 10. c3 Ne6 11. Bb3 Ne7 12. Nd2 d5 13. exd6 cxd6 14. Nf3 Ng6 15. Re1 Bd7 16. Be3 Bxe3 17. Rxe3 Qc7 18. Nb4 Rad8 19. Qd2 Ngf4 20. g3 a5 21. Nd5 Nxd5 22. Bxd5 Rfe8 23. Rae1 b5 24. h4 Qc8 25. Re4 h6 26. R4e3 Bc6 27. Bxc6 Qxc6 28. Qe2 Kf8 29. a3 Nc7 30. Nd4 Qd5 31. Qg4 Re5 32. Rxe5 dxe5 33. Nf5 Ne6 34. Qe2 e4 35. Qxe4 Qxe4 36. Rxe4 Rd5 37. Nd4 Nc5 38. Re2 Na4 39. Nc6 Rd1+ 40. Kg2 Rb1 41. b4 axb4 42. cxb4 Ra1 43. Re3 Nb2 44. Ne5 g6 45. Rf3 Nc4 46. Nxf7 Kg7 47. Nd8 Rxa3 48. Ne6+ Kh7 49. Rf7+ Kh8 50. Rb7 Nd6 51. Rb6 Ne4 52. Nf4 Ra2 53. Nxg6+ Kg7 54. Kf3 Nd2+ 55. Kg4 Nc4 56. Re6 Rxf2 57. Nf4 Rb2 58. Rg6+ Kh7 59. Kh5 Rxb4 60. Rxh6+ Kg7 61. Rc6 Ne5 62. Rc7+ Nf7 63. Rb7 Rb1 64. g4 Rf1 65. Ne6+ Kf6 66. Ng5 Nd6 67. Rb8 Ke5 68. Nh7 Rh1 69. Nf8 Kd5 70. g5 Nf5 71. Rxb5+ Ke4 72. Rb4+ Kf3 73. Ne6 Kg3 74. Rg4+ Kh2 75. g6 1-0

[Event "Charity Cup Prelim"]
[Site "chess24.com INT"]
[Date "2022.03.21"]
[Round "9"]
[White "Lei, Tingjie"]
[Black "Navara, David"]
[Result "0-1"]
[WhiteElo "2535"]
[BlackElo "2700"]
[PlyCount "118"]
[EventDate "2022.03.19"]
[EventType "tourn (rapid)"]
[EventRounds "15"]
[EventCountry "GER"]
[EventCategory "18"]
[SourceTitle "CBM 207"]
[Source "ChessBase"]
[SourceDate "2022.04.30"]
[SourceVersion "1"]
[SourceVersionDate "2022.04.30"]
[SourceQuality "1"]

1. e4 e5 2. Nf3 Nc6 3. Bc4 Bc5 4. c3 Nf6 5. d4 exd4 6. e5 d5 7. Bb5 Ne4 8. cxd4 Bb6 9. Nc3 0-0 10. Be3 Bg4 11. h3 Bh5 12. Qc2 Nxc3 13. bxc3 f6 14. exf6 Qxf6 15. Be2 Bxf3 16. Bxf3 Ne7 17. 0-0 c6 18. Rae1 Bc7 19. Bg4 Nf5 20. Bc1 g6 21. Ba3 Rfe8 22. Qb1 Nd6 23. Rxe8+ Rxe8 24. Re1 Rxe1+ 25. Qxe1 Ne4 26. Bf3 Qf4 27. Bxe4 Qxe4 28. Qxe4 dxe4 29. Kf1 Kf7 30. Ke2 Ke6 31. c4 b5 32. Ke3 bxc4 33. Kxe4 Ba5 34. f4 Bd2 35. g4 a5 36. f5+ gxf5+ 37. gxf5+ Kf6 38. Bc5 c3 39. Kd3 a4 40. Bb4 Kxf5 41. Bxc3 Bxc3 42. Kxc3 Ke4 43. Kc4 a3 44. Kb4 Kxd4 45. Kxa3 Kc3 46. Ka4 h5 47. Ka5 c5 48. Kb5 c4 49. a4 Kd4 50. a5 c3 51. a6 c2 52. a7 c1Q 53. a8Q Qc4+ 54. Kb6 Qc5+ 55. Ka6 Qa3+ 56. Kb7 Qxa8+ 57. Kxa8 Ke4 58. Kb7 Kf4 59. Kc6 Kg3 0-1

[Event "Charity Cup Prelim"]
[Site "chess24.com INT"]
[Date "2022.03.21"]
[Round "11"]
[White "Lei, Tingjie"]
[Black "Niemann, Hans Moke"]
[Result "0-1"]
[WhiteElo "2535"]
[BlackElo "2642"]
[PlyCount "68"]
[EventDate "2022.03.19"]
[EventType "tourn (rapid)"]
[EventRounds "15"]
[EventCountry "GER"]
[EventCategory "18"]
[SourceTitle "CBM 207"]
[Source "ChessBase"]
[SourceDate "2022.04.30"]
[SourceVersion "1"]
[SourceVersionDate "2022.04.30"]
[SourceQuality "1"]

1. e4 c5 2. c3 d5 3. exd5 Qxd5 4. d4 Nc6 5. Nf3 Bf5 6. Na3 cxd4 7. Be3 d3 8. Qb3 0-0-0 9. Nb5 e5 10. c4 Qd7 11. Nxa7+ Nxa7 12. Bxa7 d2+ 13. Kd1 Nf6 14. Be3 Ng4 15. Be2 Qc6 16. h3 Nxe3+ 17. fxe3 f6 18. Rf1 Be4 19. Nxd2 Qd7 20. Qc3 Qa4+ 21. Kc1 Bb4 22. Nxe4 Bxc3 23. Nxc3 Qa7 24. Nd5 Rxd5 25. cxd5 Qxe3+ 26. Kd1 Rd8 27. Bg4+ Kb8 28. Be6 e4 29. Rc1 Qd4+ 30. Ke2 Qxb2+ 31. Ke3 Qxg2 32. Rb1 Rd6 33. Rfc1 Qf3+ 34. Kd2 Ra6 0-1

[Event "Charity Cup Prelim"]
[Site "chess24.com INT"]
[Date "2022.03.21"]
[Round "12"]
[White "Lei, Tingjie"]
[Black "Praggnanandhaa, Rameshbabu"]
[Result "0-1"]
[WhiteElo "2535"]
[BlackElo "2619"]
[PlyCount "112"]
[EventDate "2022.03.19"]
[EventType "tourn (rapid)"]
[EventRounds "15"]
[EventCountry "GER"]
[EventCategory "18"]
[SourceTitle "CBM 207"]
[Source "ChessBase"]
[SourceDate "2022.04.30"]
[SourceVersion "1"]
[SourceVersionDate "2022.04.30"]
[SourceQuality "1"]

1. e4 c5 2. c3 d5 3. exd5 Qxd5 4. d4 Nf6 5. Nf3 Nc6 6. Be2 e6 7. 0-0 cxd4 8. cxd4 Be7 9. Nc3 Qd6 10. Nb5 Qd8 11. Bf4 Nd5 12. Bg3 0-0 13. Rc1 a6 14. Nc3 Nxc3 15. bxc3 b5 16. a4 bxa4 17. Qxa4 Bd7 18. Rb1 e5 19. dxe5 Nxe5 20. Qe4 Ng4 21. Rfd1 Nf6 22. Qb7 Qe8 23. Nd4 Bc5 24. Bf3 Ra7 25. Qb2 Bg4 26. Bxg4 Nxg4 27. c4 Nf6 28. Nb3 Be7 29. Qe5 Rd7 30. Rxd7 Qxd7 31. h3 Qd3 32. Rc1 Ba3 33. Qc3 Qxc3 34. Rxc3 Ne4 35. Rd3 Nxg3 36. fxg3 g6 37. c5 Rc8 38. Kf1 Kg7 39. Rd6 a5 40. Ra6 Rb8 41. Rb6 Ra8 42. c6 a4 43. Na1 Bd6 44. g4 a3 45. Rb5 Ra6 46. Ke2 Rxc6 47. Ra5 Rc1 48. Nb3 Rb1 49. Nd4 Rb2+ 50. Kd3 Rxg2 51. Ke4 Rg3 52. Ra7 Rxh3 53. Ne6+ Kf6 54. Nd8 Re3+ 55. Kd5 Be7 56. Nc6 h6 0-1

[Event "Charity Cup Prelim"]
[Site "chess24.com INT"]
[Date "2022.03.19"]
[Round "2"]
[White "Ju, Wenjun"]
[Black "Lei, Tingjie"]
[Result "1/2-1/2"]
[WhiteElo "2560"]
[BlackElo "2535"]
[PlyCount "107"]
[EventDate "2022.03.19"]
[EventType "tourn (rapid)"]
[EventRounds "15"]
[EventCountry "GER"]
[EventCategory "18"]
[SourceTitle "CBM 207"]
[Source "ChessBase"]
[SourceDate "2022.04.30"]
[SourceVersion "1"]
[SourceVersionDate "2022.04.30"]
[SourceQuality "1"]

1. d4 Nf6 2. c4 e6 3. Nc3 Bb4 4. e3 0-0 5. Bd3 d5 6. Nf3 dxc4 7. Bxc4 c5 8. 0-0 Nc6 9. a3 Ba5 10. dxc5 Bxc3 11. bxc3 Qxd1 12. Rxd1 Ne4 13. Bb2 Nxc5 14. a4 b6 15. Ba3 Na5 16. Be2 Bb7 17. Bxc5 bxc5 18. Ne5 Rfd8 19. Rab1 f6 20. Nd7 Rac8 21. Rb5 Ba6 22. Rxa5 Bxe2 23. Rd2 Bh5 24. Rxa7 Be8 25. f3 Bxd7 26. Rdxd7 Rxd7 27. Rxd7 Ra8 28. Rc7 Rxa4 29. Rxc5 Ra2 30. h4 f5 31. Rc4 Rc2 32. Kh2 Kf7 33. Kg3 Kf6 34. e4 fxe4 35. fxe4 h5 36. Rc5 g6 37. Kf3 Rc1 38. g3 e5 39. Rc6+ Kf7 40. Rc8 Rf1+ 41. Ke2 Rg1 42. Kf2 Rc1 43. Rc6 Rc2+ 44. Kf3 Rc1 45. g4 Rf1+ 46. Ke2 Rf4 47. gxh5 gxh5 48. Ke3 Rxh4 49. c4 Rh3+ 50. Kf2 Rh4 51. Kf3 Rh3+ 52. Kf2 Rh4 53. Kf3 Rh3+ 54. Kf2 1/2-1/2

[Event "Xian World Summit (Women)"]
[Site "Xian"]
[Date "2021.12.11"]
[Round "7"]
[White "Lei, Tingjie"]
[Black "Zhai, Mo"]
[Result "1-0"]
[WhiteElo "2535"]
[BlackElo "2374"]
[PlyCount "77"]
[EventDate "2021.12.10"]
[EventType "tourn"]
[EventRounds "9"]
[EventCountry "CHN"]
[EventCategory "10"]
[SourceTitle "CBM 205 Extra"]
[Source "ChessBase"]
[SourceDate "2022.01.31"]
[SourceVersion "1"]
[SourceVersionDate "2022.01.31"]
[SourceQuality "1"]

1. d4 Nf6 2. c4 e6 3. g3 d5 4. Bg2 dxc4 5. Nf3 Bb4+ 6. Bd2 a5 7. a3 Bxd2+ 8. Nbxd2 b5 9. b3 cxb3 10. Qxb3 c6 11. 0-0 0-0 12. Rfc1 Bd7 13. Ne5 Qe7 14. Qb2 a4 15. Rc2 Rc8 16. Rac1 Be8 17. h4 h6 18. Bf3 Ra7 19. Nd3 Rac7 20. Nc5 Nfd7 21. Nxd7 Bxd7 22. Ne4 Na6 23. Nc5 Nxc5 24. Rxc5 Be8 25. h5 Rd8 26. e3 Qd6 27. Qc3 Rdc8 28. Bd1 f6 29. Be2 f5 30. Bxb5 cxb5 31. Rxc7 Rxc7 32. Qxc7 Qxa3 33. Rc5 Bxh5 34. Qc8+ Kh7 35. Qxe6 Qa1+ 36. Kg2 Bg4 37. Rc6 Bh3+ 38. Kh2 Kh8 39. Qe8+ 1-0